000
00331 a2200157 4500
001
63835
020
_a
8532614590
040
_c
Anchieta - Pituba
100
_a
Di Biase, Francisco
240
1
0
_a
O homem holĂstico
_l
245
1
0
_a
O homem holĂstico
300
_a
204
362
0
_a
1995
650
4
_a
Psicologia
942
_c
BK
999
_c
63835
_d
63835